| 000 | 00818nam a2200265 a 4500 | ||
|---|---|---|---|
| 001 | 55486 | ||
| 003 | BD-RjUL | ||
| 005 | 20211209080255.0 | ||
| 008 | 161119s1992 ii 000 0 eng | ||
| 035 | _a(BD-RjUL)55609 | ||
| 040 |
_aDLC _cOKentU _dOCoLC _dBD-RjUL _beng |
||
| 041 | _aeng | ||
| 082 |
_223 _a901.9 _bGOI 1992 |
||
| 100 | 1 |
_aGokhale, B.K. _9165287 |
|
| 245 | 1 | 3 |
_aAn introduction to western civilization / _cB.K. Gokhale |
| 250 | _a1st ed. | ||
| 260 |
_aNew delhi : _bDoubleday, Doran & company, inc., _c1973[ reprinted 1992] |
||
| 300 |
_axi, 575 p. : _bill.; _c24 cm. |
||
| 650 | 0 |
_aCivilization _xHistory. _9117367 |
|
| 650 | 0 |
_aCivilization, Western. _9165288 |
|
| 650 | 0 |
_aSocial sciences. _9165289 |
|
| 740 | 0 | _aWestern civilization, An introduction to. | |
| 942 |
_2ddc _cBK |
||
| 999 |
_c55486 _d55486 |
||